00816nam a2200241 a 4500001001300000003000900013005001700022008004100039020001000080082002000090245007300110260006200183300000800245500003500253505001000288650004000298650003200338710005300370902000800423942000700431952012100438999001500559nice12345678IN_TiNIC20260116012304.0050524s1984 bira grp 000 0 eng  ac10000a305.629704bCEN aResearch Programme on Muslims in Europeb Recent Acquisitions No.3-4 aBirminghambCentre for Study of Islam & Christian Mc1984 a28p aincludes index and biblioraphy2 aIndex aReconciliation-Interfaith Musl Chri aMuslims-Europe-Bibliography2 aCentre for the Study of Islamand Chris Muslim Re bSRS cBK 001040708StackRoom-aHMIbHMId2007-03-27g100.00l0o305.629704 CENp010779r2007-03-27v100.00w2005-05-24yBK c6407d6407